| 000 | 00934pam a2200277 i 4500 | ||
|---|---|---|---|
| 001 | 391412 | ||
| 003 | OSt | ||
| 005 | 20230621112357.0 | ||
| 008 | 790223r1979 ctu b 001 0 eng | ||
| 010 | _a 79009838 | ||
| 020 | _a0313212775 | ||
| 040 |
_aDLC _cDLC _dDLC |
||
| 043 | _ae-uk--- | ||
| 082 | 0 | 0 |
_a328.36 _bSTE |
| 100 | 1 |
_aStewart, John David, _d1929- |
|
| 245 | 1 | 0 |
_aBritish pressure groups, their role in relation to the House of Commons / _cby J. D. Stewart. |
| 260 |
_aWestport, Conn. : _bGreenwood Press, _c1979, c1958. |
||
| 300 |
_axii, 273 p. ; _c23 cm. |
||
| 500 | _aReprint of the ed. published by Clarendon Press, Oxford. | ||
| 504 | _aIncludes bibliographical references and index. | ||
| 610 | 1 | 0 |
_aGreat Britain. _bParliament. _bHouse of Commons. |
| 650 | 0 |
_aLobbying _zGreat Britain. |
|
| 650 | 0 |
_aPressure groups _zGreat Britain. |
|
| 906 |
_a7 _bcbc _corignew _d1 _eocip _f19 _gy-gencatlg |
||
| 942 |
_2ddc _cBK |
||
| 999 |
_c2103 _d2103 |
||